Statistics for Countries Closest to Switzerland - 30 Second Sprint

Click here to take the quiz!

General Stats

  • This quiz has been taken 55 times
  • The average score is 11 of 20

Answer Stats

kmcountrymiles% Correct
0Austria0
96%
0France0
93%
0Germany0
93%
0Italy0
93%
0Liechtenstein0
83%
468Spain291
57%
254Belgium158
54%
310San Marino193
54%
224Slovenia139
52%
227Luxembourg141
50%
370Netherlands230
46%
539Poland335
41%
236Monaco147
39%
502Slovakia312
39%
515Vatican City320
39%
316Czechia196
35%
428Hungary266
35%
515Andorra320
33%
261Croatia162
28%
439Bosnia and
Herzegovina
272
15%

Score Distribution

Percentile by Number Answered

Percent of People with Each Score

Your Score History

You have not taken this quiz